[Event "It (cat.5)"]
[Site "masterchessopen.com Noisy le Grand (France)"]
[Round "6"]
[White "Maisuradze Nino (FRA)"]
[Black "Song Julien (FRA)"]
[Result "0-1"]
[WhiteElo "2294"]
[BlackElo "2249"]

1.d4 Nf6 2.c4 e6 3.Nc3 Bb4 4.Qc2 d5 5.cxd5 Qxd5 6.Nf3 Qf5 7.Qxf5 exf5 8.a3 Be7
9.g3 c6 10.Bg2 Be6 11.O-O Nbd7 12.b4 Nd5 13.Bd2 Nxc3 14.Bxc3 Bd5 15.Rfc1 Nf6
16.e3 O-O 17.Ne5 Rfe8 18.Nd3 Bd6 19.Be1 g5 20.a4 f4 21.Bd2 f3 22.Bf1 Ne4
23.Be1 h5 24.b5 h4 25.bxc6 bxc6 26.Bh3 hxg3 27.fxg3 Nf6 28.Bd2 g4 29.Bf1 Ne4
30.Be1 Kg7 31.Nf4 Bxf4 32.gxf4 Rh8 33.Bd3 f2+ 34.Bxf2 Nxf2 35.Kxf2 Rxh2+
36.Kf1 Rah8 37.e4 Rh1+ 38.Kg2 R1h2+ 39.Kg1 Bb3 40.Bf1 Rh1+ 41.Kf2 R1h2+ 42.Kg3
Rd2 43.Rc3 Bd1 44.Bg2 Rb8 45.Rcc1 Rb3+ 46.Kh4 Rxg2 47.Rxd1 f6 48.Rh1 Rb8 {#R}
0-1

[Event "It (w) \"]
[Site "masterchessopen.com Rijeka (Croatia)"]
[Date "2009.03.09"]
[Round "3"]
[White "Medic Mirjana (CRO)"]
[Black "Videnova Iva (BUL)"]
[Result "1-0"]
[WhiteElo "2306"]
[BlackElo "2197"]

1.d4 Nf6 2.c4 e6 3.Nc3 Bb4 4.Qc2 d5 5.cxd5 c5 6.dxc6 Qxd4 7.e3 Qe4 8.cxb7 Bxb7
9.Qxe4 Nxe4 10.Bb5+ Nd7 11.Ne2 Rc8 12.O-O Nxc3 13.bxc3 Bxc3 14.Nxc3 Rxc3
15.Rd1 Rc7 16.Ba3 Bd5 17.Bd6 Rb7 18.Rac1 f5 19.Rc8+ Kf7 20.Bxd7 Rxd7 21.Rxh8
Rxd6 22.Rxh7 Ra6 23.Ra1 Rxa2 24.Rxa2 Bxa2 25.Rh4 Bb3 26.Rb4 Bd5 27.Ra4 Kf6
28.Rxa7 Bc4 29.f4 Bd5 30.Kf2 Be4 31.h3 Bd3 32.g4 Be4 33.g5+ Kg6 34.Re7 Bd5
35.Ke2 Kh7 36.Kd3 Kg8 37.g6 Kf8 38.Rf7+ Kg8 39.Kd4 Bf3 40.Re7 {#r} 1-0

[Event "Ch Europe"]
[Site "masterchessopen.com Budva (Montenegro)"]
[Date "2009.03.10"]
[Round "5"]
[White "Nikolov Momchil (BUL)"]
[Black "Anton Teodor (ROM)"]
[Result "1-0"]
[WhiteElo "2517"]
[BlackElo "2379"]

1.d4 Nf6 2.c4 e6 3.Nc3 Bb4 4.Qc2 d5 5.cxd5 Qxd5 6.Nf3 Qf5 7.Qb3 c5 8.a3 Bxc3+
9.Qxc3 Nbd7 10.g4 Nxg4 11.Rg1 cxd4 12.Qxd4 Nge5 13.Nxe5 Nxe5 14.Rg5 Qc2
15.Qxe5 Bd7 16.Rxg7 Ba4 17.Bg5 Rc8 18.Rc1 {#r} 1-0

[Event "Landesliga Bayern South 2008/09"]
[Site "masterchessopen.com Bayern (Germany)"]
[Date "2009.03.29"]
[Round "9"]
[White "Steiner Marcus"]
[Black "Beck Alexander (GER)"]
[Result "0-1"]
[WhiteElo "1990"]
[BlackElo "2143"]

1.d4 e6 2.c4 Nf6 3.Nc3 Bb4 4.Qc2 d5 5.cxd5 Qxd5 6.Nf3 Qf5 7.Qxf5 exf5 8.a3 Bd6
9.Nb5 Nc6 10.Nxd6+ cxd6 11.Bf4 Ke7 12.Bg5 Be6 13.e3 Rac8 14.Bd3 h6 15.Bxf6+
Kxf6 16.Nd2 Rc7 17.b4 Rhc8 18.Ke2 Nb8 19.Rhb1 Nd7 20.Rb2 Nb6 21.a4 Nd5 22.f3
Rc3 23.g3 Ke7 24.e4 fxe4 25.Nxe4 Rc1 26.Rxc1 Rxc1 27.Nf2 Ra1 28.a5 f5 29.Bc2
Nc3+ 30.Kd3 Ra3 31.Kd2 Nb5 32.d5 Bxd5 33.f4 Nd4 34.Bd1 Bc4 35.Bh5 Nf3+ 36.Bxf3
Rxf3 37.Nd1 Rd3+ 38.Kc1 h5 39.Re2+ Kd7 40.Nb2 Rc3+ 41.Kd2 Bxe2 42.Kxc3 Kc6
43.Kd2 Bb5 44.Nd1 Kd5 45.Ne3+ Ke4 46.Nc2 Ba4 47.Ne1 g6 48.Ng2 Kd4 49.Ne1 Bb5
{#R} 0-1

[Event "It \"]
[Site "masterchessopen.com Ledyard (USA)"]
[Date "2009.04.10"]
[Round "4"]
[White "Privman Boris (USA)"]
[Black "Thompson Buddy (USA)"]
[Result "1-0"]
[WhiteElo "2150"]
[BlackElo "1913"]

1.d4 Nf6 2.c4 e6 3.Nc3 Bb4 4.Qc2 d5 5.cxd5 Qxd5 6.Nf3 Qf5 7.Qxf5 exf5 8.Bd2
O-O 9.e3 Be6 10.Bd3 Re8 11.O-O c6 12.Rfc1 Nbd7 13.a3 Bxc3 14.Bxc3 Ne4 15.Nd2
Bd5 16.Re1 c5 17.Nxe4 fxe4 18.Bb5 cxd4 19.Bxd4 Re7 20.Rec1 Ne5 21.Bxa7 Nc6
22.Bc5 Re6 23.b4 h6 24.Bc4 Bxc4 25.Rxc4 Ne5 26.Rxe4 f5 27.Rd4 Nc6 28.Rd7 b6
29.Bd4 Nxd4 30.Rxd4 Rc6 31.g3 Rc2 32.a4 Rb2 33.a5 bxa5 34.bxa5 Rc8 35.a6 Rcc2
36.Rf4 Ra2 37.Ra4 Rab2 {#r} 1-0

[Event "It (open)"]
[Site "masterchessopen.com La Laguna (Spain)"]
[Date "2009.05.09"]
[Round "7"]
[White "Alvarado Diaz Alejandro (ESP)"]
[Black "Matnadze Ana (GEO)"]
[Result "0-1"]
[WhiteElo "1857"]
[BlackElo "2413"]

1.d4 Nf6 2.c4 e6 3.Nc3 Bb4 4.Qc2 d5 5.cxd5 Qxd5 6.Nf3 Qf5 7.Qxf5 exf5 8.a3 Bd6
9.Nb5 a6 10.Nxd6+ cxd6 11.Bf4 Ke7 12.e3 Be6 13.Nd2 Rc8 14.Bd3 Nc6 15.Ke2 Nd5
16.Bg3 f4 17.Bxf4 Nxd4+ 18.Kd1 Nxf4 19.exf4 f5 20.Re1 Kf6 21.Re3 Rc5 22.Rc1 b5
23.Bb1 Rac8 24.Rcc3 Bc4 25.Nf3 Ne6 26.g3 g6 27.Bd3 Bd5 28.Be2 Bc4 29.Bd3 d5
30.Bxc4 bxc4 31.Re5 d4 32.Rxe6+ Kxe6 33.Nxd4+ Kd6 34.Nf3 Rb8 35.Kc1 Rb3 36.Ne5
Rxc3+ 37.bxc3 Kd5 38.a4 Rc7 39.f3 g5 40.Kd2 Rb7 41.h4 gxf4 42.gxf4 Rb2+ 43.Kc1
Rh2 {#R} 0-1

[Event "Memorial Ladislav Rejfire"]
[Site "masterchessopen.com Prague (Czech Republic)"]
[Date "2009.05.12"]
[Round "5"]
[White "Gregor Jiri (CZE)"]
[Black "Kovar Vojtech (CZE)"]
[Result "0-1"]
[WhiteElo "1647"]
[BlackElo "2328"]

1.d4 Nf6 2.c4 e6 3.Nc3 Bb4 4.Qc2 d5 5.cxd5 Qxd5 6.Nf3 Qf5 7.Qxf5 exf5 8.Bd2 c6
9.e3 O-O 10.a3 Bd6 11.Bd3 Na6 12.O-O Nc7 13.Rfc1 Re8 14.g3 Ne4 15.Be1 Bd7
16.Nd2 Nxd2 17.Bxd2 g6 18.b4 a6 19.Nd1 Nd5 20.f3 h5 21.e4 fxe4 22.fxe4 Nc7
23.a4 Ne6 24.Bc3 h4 25.e5 Bc7 26.Nf2 Bb6 27.Ne4 Red8 28.Rd1 Nxd4 29.Kh1 Be6
30.Nf6+ Kg7 31.Be4 hxg3 32.Be1 Ne2 33.Rxd8 Rxd8 34.h4 Rh8 35.h5 Bd4 36.Rd1
Bxe5 37.Nd7 Rxh5+ 38.Kg2 Rh2+ 39.Kf3 Nd4+ 40.Rxd4 Bxd4 41.Bxg3 Rh3 {#R} 0-1

[Event "It (open)"]
[Site "masterchessopen.com Bhubaneswar (India)"]
[Date "2009.06.11"]
[Round "6"]
[White "Drozdovskij Yuri (UKR)"]
[Black "Deshmukh Anup (IND)"]
[Result "1-0"]
[WhiteElo "2620"]
[BlackElo "2303"]

1.d4 Nf6 2.c4 e6 3.Nc3 Bb4 4.Qc2 d5 5.cxd5 Qxd5 6.Nf3 O-O 7.e3 c5 8.Bd3 cxd4
9.exd4 b6 10.O-O Bxc3 11.bxc3 Bb7 12.Rd1 Nbd7 13.c4 Qh5 14.Be2 Qg6 15.Qb3 h6
16.a4 e5 17.d5 Nc5 18.Qc3 Nfd7 19.Nxe5 Nxe5 20.Qxe5 Rfe8 21.Qb2 Nb3 22.Ra3
Nxc1 23.Rxc1 Rac8 24.Rg3 Qh7 25.a5 g6 26.axb6 axb6 27.Bd3 Qg7 28.Qxb6 Bxd5
29.Bxg6 Rxc4 30.Bxf7+ Kh8 31.Rf1 Rc1 {#r} 1-0

[Event "Ch Scotland (open)"]
[Site "masterchessopen.com Edinburgh (Scotland)"]
[Date "2009.07.13"]
[Round "3"]
[White "Arun Prasad S (IND)"]
[Black "Kjartansson Gudmundur (ISL)"]
[Result "0-1"]
[WhiteElo "2556"]
[BlackElo "2356"]

1.d4 Nf6 2.c4 e6 3.Nc3 Bb4 4.Qc2 d5 5.cxd5 Qxd5 6.Nf3 Qf5 7.Qb3 Nc6 8.Bd2 O-O
9.h3 a5 10.g4 Qg6 11.a3 a4 12.Qd1 Bxc3 13.bxc3 Ne4 14.Bg2 e5 15.dxe5 Nxd2
16.Qxd2 Ra5 17.O-O h5 18.Nh4 Qe6 19.f4 hxg4 20.hxg4 Qxg4 21.Nf3 Rd8 22.Qe3 Qg3
23.Qe4 Bh3 24.Rf2 Rad5 25.Raf1 Rd1 26.Nh2 Qxc3 27.Qxa4 R1d4 28.Qb5 Bxg2
29.Kxg2 Ne7 30.Rf3 Qc2 31.R1f2 Qg6+ 32.Kh1 Rd1+ 33.Nf1 Nf5 34.Kh2 Nd4 35.Qxb7
Nxf3+ 36.Qxf3 c5 37.Kh1 c4 38.f5 Qh6+ 39.Rh2 Qc1 40.Kg2 Rxf1 41.Qh5 Rg1+ {#R}
0-1

[Event "It \"]
[Site "masterchessopen.com Pardubice (Czech Republic)"]
[Date "2009.07.23"]
[Round "4"]
[White "Gumula Daniel (POL)"]
[Black "Laznicka Viktor (CZE)"]
[Result "0-1"]
[WhiteElo "2330"]
[BlackElo "2617"]

1.d4 Nf6 2.c4 e6 3.Nc3 Bb4 4.Qc2 d5 5.cxd5 Qxd5 6.Nf3 Qf5 7.Qxf5 exf5 8.a3 Be7
9.Bf4 c6 10.h3 Be6 11.e3 Nbd7 12.Rc1 h6 13.Bd3 Nb6 14.O-O a5 15.Nd2 O-O 16.Be5
Rfc8 17.Ne2 Nfd7 18.Bg3 c5 19.Nf4 cxd4 20.exd4 g5 21.Nxe6 fxe6 22.Be5 Kf7
23.Nc4 Nxc4 24.Bxc4 Nxe5 25.dxe5 Rc5 26.Bb3 Rac8 27.Rxc5 Rxc5 28.Re1 Rb5
29.Re3 Bc5 30.Rd3 Ke7 31.g4 fxg4 32.hxg4 Bb6 33.Rh3 Bd4 34.a4 Rb4 {#R} 0-1

[Event "It (open)"]
[Site "masterchessopen.com Andorra"]
[Date "2009.07.25"]
[Round "8"]
[White "Quidiello Prado M"]
[Black "Huerga Leache Mikel (ESP)"]
[Result "1-0"]
[WhiteElo "2209"]
[BlackElo "2456"]

1.d4 e6 2.c4 Nf6 3.Nc3 Bb4 4.Qc2 d5 5.cxd5 Qxd5 6.Nf3 Qf5 7.Qb3 Nc6 8.Bd2 O-O
9.h3 Rd8 10.g4 Qg6 11.a3 Bf8 12.e3 Ne4 13.Bc1 e5 14.Nh4 Qf6 15.Nxe4 Qxh4 16.d5
Ne7 17.Nc3 c6 18.Bg2 Nxd5 19.Nxd5 cxd5 20.Bxd5 Qf6 21.Bd2 a5 22.Bc3 Ra6
23.O-O-O Rad6 24.f4 Qg6 25.f5 Qf6 26.e4 Qg5+ 27.Kb1 Qe3 28.Bxf7+ Kh8 29.Bd5
Rb6 30.Qc2 Bxa3 31.Bxe5 Qg5 32.Qc7 Bxb2 33.Bxb2 Qf6 34.e5 Bxf5+ 35.gxf5 Qxf5+
36.Ka1 Qb1+ 37.Kxb1 Rxb2+ 38.Kxb2 {#r} 1-0

[Event "It (cat.1) (a)"]
[Site "masterchessopen.com Budapest (Hungary)"]
[Date "2009.08.09"]
[Round "9"]
[White "Szabo Bence (HUN)"]
[Black "Simonyi Zoltan (SRB)"]
[Result "1-0"]
[WhiteElo "2243"]
[BlackElo "2249"]

1.d4 Nf6 2.c4 e6 3.Nc3 Bb4 4.Qc2 d5 5.cxd5 Qxd5 6.e3 c5 7.Bd2 Bxc3 8.Bxc3 cxd4
9.Bxd4 Nc6 10.Bc3 e5 11.Nf3 Bg4 12.Be2 O-O 13.O-O Rfd8 14.a3 a6 15.h3 Bh5
16.Rfd1 Qc5 17.b4 Qe7 18.Qb2 Ne4 19.Be1 Nf6 20.g4 Bg6 21.a4 e4 22.Nh2 Nd5
23.b5 Ncb4 24.Rdb1 a5 25.Rc1 Rac8 26.Rxc8 Rxc8 27.Rc1 Rc5 28.Rxc5 Qxc5 29.Nf1
h6 30.h4 Nb6 31.h5 Bh7 32.Qb3 Kf8 33.Kg2 f6 34.Ng3 Qe7 35.Bc3 Bg8 36.Qd1 Bd5
37.Nf5 Qe6 38.Qd4 Nc8 39.Qc5+ Kg8 40.Bxb4 axb4 {#r} 1-0

[Event "Memorial G.Staunton (scheveningen)"]
[Site "masterchessopen.com London (England)"]
[Date "2009.08.17"]
[Round "10"]
[White "Van Wely Loek (NED)"]
[Black "Short Nigel D (ENG)"]
[Result "0-1"]
[WhiteElo "2655"]
[BlackElo "2684"]

1.d4 e6 2.c4 Nf6 3.Nc3 Bb4 4.Qc2 d5 5.cxd5 Qxd5 6.e3 c5 7.a3 Bxc3+ 8.bxc3 O-O
9.Nf3 b6 10.c4 Qh5 11.Be2 Bb7 12.O-O Nbd7 13.a4 Qg6 14.Qxg6 hxg6 15.Bb2 a5
16.Rfd1 Rfd8 17.Nd2 Rac8 18.f3 cxd4 19.exd4 Ba6 20.Kf2 Rc7 21.Rac1 Rdc8 22.Ba3
Ne8 23.f4 Bb7 24.Re1 Bc6 25.Bd1 Ndf6 26.g4 Rd7 27.Ke3 Rcd8 28.Bb2 Nd6 29.h3
Rc8 30.Ba3 Bb7 31.Be2 Ba6 32.Bd3 Rc6 33.Rc2 Rdc7 34.Rec1 Rc8 35.Ke2 Kh8 36.Kd1
Nfe8 37.Ke2 Nf6 38.Ke3 Kg8 39.g5 Nh5 40.d5 exd5 41.cxd5 Rxc2 42.Rxc2 Re8+
43.Kd4 Bxd3 44.Rc6 Nf5+ {#R} 0-1

[Event "It (open)"]
[Site "masterchessopen.com Abudhabi (United Arab Emirates)"]
[Date "2009.08.19"]
[Round "8"]
[White "Savchenko Stanislav (UKR)"]
[Black "El Arousy Abdul Hameed (EGY)"]
[Result "1-0"]
[WhiteElo "2526"]
[BlackElo "2295"]

1.d4 Nf6 2.c4 e6 3.Nc3 Bb4 4.Qc2 d5 5.cxd5 Qxd5 6.Nf3 Qf5 7.Qb3 Nc6 8.Bd2 a6
9.h3 h6 10.g4 Qh7 11.Bg2 O-O 12.O-O Bd6 13.Rac1 Bd7 14.Rfe1 b5 15.Qd1 b4
16.Na4 Ne4 17.Nc5 Bxc5 18.dxc5 Nxd2 19.Qxd2 Rad8 20.Qf4 Rc8 21.Red1 Be8 22.Ne5
g5 23.Qf6 Nxe5 24.Qxe5 Bb5 25.Bb7 Rb8 26.c6 Qg7 27.Qxg7+ Kxg7 28.Rd7 Bxe2
29.Rxc7 Rfd8 30.Re1 Rd2 31.Rd7 Rxd7 32.cxd7 Bb5 33.Bc8 Bxd7 34.Bxd7 Rd8 35.Rd1
{#r} 1-0

[Event "Ch Romania (team)"]
[Site "masterchessopen.com Eforie Nord (Romania)"]
[Date "2009.09.22"]
[Round "4"]
[White "Foisor Ovidiu Doru (ROM)"]
[Black "Tufa Mihai (ROM)"]
[Result "1-0"]
[WhiteElo "2411"]
[BlackElo "2133"]

1.d4 Nf6 2.c4 e6 3.Nc3 Bb4 4.Qc2 d5 5.cxd5 Qxd5 6.Nf3 Ne4 7.e3 Qc6 8.Bd2 Bxc3
9.Bxc3 Nd7 10.Bd3 Nxc3 11.bxc3 f5 12.O-O O-O 13.e4 Nb6 14.Rfe1 Bd7 15.exf5
exf5 16.Qb3+ Kh8 17.Ne5 Qe6 18.c4 Rab8 19.Rac1 Na4 20.c5 b5 21.d5 Qe8 22.Qb4
Qd8 23.Bc2 Be8 24.Bb3 Rf6 25.h3 h6 26.f4 Kh7 27.Kh2 Qc8 28.d6 Qd8 29.d7 Bh5
30.Rc2 c6 31.Rd2 Qc7 32.Bxa4 a5 33.Qd4 {#r} 1-0

[Event "Ch Russia (students)"]
[Site "masterchessopen.com Belgorod (Russia)"]
[Round "9"]
[White "Gasanov Eldar (UKR)"]
[Black "Lysyj Igor (RUS)"]
[Result "0-1"]
[WhiteElo "2536"]
[BlackElo "2617"]

1.d4 e6 2.c4 Nf6 3.Nc3 Bb4 4.Qc2 d5 5.cxd5 Qxd5 6.Nf3 Qf5 7.Qb3 Nc6 8.Bd2 a5
9.e3 O-O 10.Be2 e5 11.d5 Ne7 12.h3 e4 13.g4 Qd7 14.Ng5 Nexd5 15.Ngxe4 Nxe4
16.Nxe4 Re8 17.Nc3 Nb6 18.O-O-O Qe7 19.Qc2 Be6 20.Kb1 a4 21.h4 a3 22.b3 Rad8
23.f3 c5 24.Ne4 h6 25.Bb5 Rf8 26.Ng5 hxg5 27.hxg5 f5 28.Bxb4 Rxd1+ 29.Qxd1
cxb4 30.Rh8+ Kxh8 {#R} 0-1

[Event "It (open) \"]
[Site "masterchessopen.com Belgrade (Serbia)"]
[Date "2009.11.29"]
[Round "6"]
[White "Rajcevic Stevan (SRB)"]
[Black "Govedarica Radovan (SRB)"]
[Result "0-1"]
[WhiteElo "2146"]
[BlackElo "2410"]

1.d4 Nf6 2.c4 e6 3.Nc3 Bb4 4.Qc2 d5 5.cxd5 Qxd5 6.Nf3 O-O 7.Bd2 Bxc3 8.Bxc3
Bd7 9.e3 Bb5 10.Bxb5 Qxb5 11.e4 Nbd7 12.a4 Qc6 13.Nd2 e5 14.dxe5 Nxe5 15.O-O
Rad8 16.Rae1 Rd7 17.Qb3 Re8 18.Bxe5 Rxe5 19.Nc4 Rc5 20.e5 Ne4 21.e6 fxe6 22.f3
Rxc4 23.fxe4 Qb6+ 24.Qxb6 axb6 25.b3 Rc3 26.Rd1 Rcd3 27.Rxd3 Rxd3 28.Rb1 Rd2
29.Rc1 c6 30.Rc3 Kf7 31.Rg3 {#R} 0-1

[Event "It (open) (u2000)"]
[Site "masterchessopen.com Benidorm (Spain)"]
[Date "2009.12.07"]
[Round "10"]
[White "Kolev Vasil (BUL)"]
[Black "Montiel Miguelez Manuel (ESP)"]
[Result "1-0"]
[WhiteElo "1983"]
[BlackElo "1964"]

1.d4 Nf6 2.c4 e6 3.Nc3 Bb4 4.Qc2 d5 5.cxd5 Qxd5 6.Nf3 O-O 7.e3 b6 8.Bd3 Ba6
9.O-O Bxc3 10.Bxa6 Nxa6 11.bxc3 c5 12.Qa4 Qb7 13.Ba3 Rfc8 14.c4 cxd4 15.exd4
Nc7 16.Rab1 Qe4 17.Rfe1 Qf4 18.Rbd1 Nce8 19.Re5 Ng4 20.Bc1 Qf6 21.Re2 Qd8
22.d5 exd5 23.cxd5 Ngf6 24.d6 Rc5 25.Ba3 Rd5 26.Rxd5 Nxd5 27.Qb3 Nef6 28.Re5
Nf4 29.Ng5 N4d5 30.Rxd5 Nxd5 31.Qxd5 Qe8 32.Nf3 Rd8 33.Ne5 h6 34.h3 Qe6
35.Qxe6 fxe6 36.d7 {#r} 1-0

[Event "Ch Iceland (team) 2009/10"]
[Site "masterchessopen.com Reykjavik (Iceland)"]
[Date "2010.03.06"]
[Round "7"]
[White "Kveinys Aloyzas (LTU)"]
[Black "Kjartansson Gudmundur (ISL)"]
[Result "1-0"]
[WhiteElo "2506"]
[BlackElo "2373"]

1.d4 Nf6 2.c4 e6 3.Nc3 Bb4 4.Qc2 d5 5.cxd5 Qxd5 6.Nf3 Qf5 7.Qxf5 exf5 8.a3 Be7
9.Bf4 c6 10.e3 Be6 11.Be2 h6 12.Nd2 Nbd7 13.Nc4 Bxc4 14.Bxc4 Nh5 15.Be5 Nxe5
16.dxe5 g6 17.O-O-O Ng7 18.Ne2 Rc8 19.Nf4 Bg5 20.e6 Nxe6 21.Bxe6 fxe6 22.Nxe6
Ke7 23.Nc5 b6 24.Nd3 Bf6 25.Nf4 Rhg8 26.Rd2 Be5 27.Rhd1 Rc7 28.g3 Rb7 29.h4 g5
30.Nd3 Bf6 31.Nb4 gxh4 32.gxh4 Rc7 33.Rd6 Rgc8 34.Na6 Rb7 35.b4 c5 36.b5 Rg8
37.Rc6 Bxh4 38.Nc7 Kf7 39.Rd7+ Be7 40.Re6 Re8 41.Rxh6 {#r} 1-0

[Event "Ch USA (juniors)"]
[Site "masterchessopen.com Saint Louis (USA)"]
[Date "2010.07.12"]
[Round "3"]
[White "Holt Conrad (USA)"]
[Black "Rosen E"]
[Result "0-1"]
[WhiteElo "2403"]
[BlackElo "2179"]

1.d4 Nf6 2.c4 e6 3.Nc3 Bb4 4.Qc2 d5 5.cxd5 Qxd5 6.Nf3 Qf5 7.Qb3 c5 8.a3 Ba5
9.Qc4 Nbd7 10.b4 cxb4 11.axb4 Bb6 12.e3 e5 13.Nb5 O-O 14.Nd6 Qh5 15.Be2 exd4
16.exd4 Qd5 17.Bf4 Qxc4 18.Nxc4 Nd5 19.Bd6 Re8 20.Kd2 N7f6 21.Bd3 Be6 22.Rhe1
Red8 23.b5 Rac8 24.Rec1 Rxc4 25.Bxc4 Rxd6 26.Bxd5 Rxd5 27.Rc8+ Bxc8 {#R} 0-1

[Event "Ch Finland (team) 2010/11 (1 Division)"]
[Site "masterchessopen.com Finland"]
[Date "2010.10.16"]
[Round "3"]
[White "Kilpi Teemu (FIN)"]
[Black "Ahvenjarvi Jani (FIN)"]
[Result "0-1"]
[WhiteElo "2150"]
[BlackElo "2076"]

1.d4 Nf6 2.c4 e6 3.Nc3 Bb4 4.Qc2 d5 5.cxd5 Qxd5 6.Nf3 Qf5 7.Qxf5 exf5 8.a3 Be7
9.e3 Nbd7 10.Bd3 Nb6 11.Bd2 c6 12.O-O O-O 13.Rfc1 a5 14.Ne5 Be6 15.Ne2 Nbd5
16.f3 Rfd8 17.Nc4 a4 18.e4 fxe4 19.fxe4 Nc7 20.Nb6 Ra7 21.h3 Nd7 22.Nxd7 Rxd7
23.Be3 Ra8 24.Bc4 Bf6 25.Bxe6 fxe6 26.Rc4 Nb5 27.e5 Bd8 28.Nf4 Bg5 29.g3 Bxf4
30.gxf4 Nc7 31.Kf2 Rf7 32.Rg1 Nd5 33.Rg4 g6 34.Kf3 Kf8 35.Bd2 Ke8 36.Bb4 Kd7
37.Bd6 b5 38.Rc2 Rf5 39.Bc5 Rg8 40.Rcg2 Rg7 41.Bb4 Rgf7 42.Bd2 Ne7 43.Bb4 h5
44.Rg5 Rxf4+ 45.Ke2 Nf5 46.Bd2 Re4+ 47.Kd3 Rxd4+ 48.Kc3 Rc4+ 49.Kd3 Nh4
50.R2g3 Nf3 {#R} 0-1

[Event "Ch USA (amateur) (team) East"]
[Site "masterchessopen.com Parsippany (USA)"]
[Date "2011.02.19"]
[Round "1"]
[White "Kniest Oliver (GER)"]
[Black "Sells P"]
[Result "1-0"]
[WhiteElo "2295"]
[BlackElo "1893"]

1.d4 Nf6 2.c4 e6 3.Nc3 Bb4 4.Qc2 d5 5.cxd5 Qxd5 6.e3 c5 7.Bd2 Bxc3 8.Bxc3 cxd4
9.Bxd4 Nc6 10.Bc3 O-O 11.Nf3 Qe4 12.Bd3 Qg4 13.h3 Qh5 14.Ke2 Nd5 15.g4 Qh6
16.a3 Nxc3+ 17.bxc3 b6 18.h4 f5 19.gxf5 exf5 20.Bc4+ Be6 21.Qa2 Rae8 22.Ng5
Nd8 23.Rad1 Bxc4+ 24.Qxc4+ Kh8 25.Rd7 Qh5+ 26.f3 Rxe3+ 27.Kf2 Ree8 28.Qc7 h6
29.Rh2 f4 30.Ne4 Ne6 31.Qxa7 Nc5 32.Rxg7 Nxe4+ 33.fxe4 Qc5+ 34.Kf1 Qxc3
35.Rh7+ Kg8 36.Rg2+ {#r} 1-0

[Event "It (open) (b)"]
[Site "masterchessopen.com Zagreb (Croatia)"]
[Date "2011.04.11"]
[Round "1"]
[White "Vrsek Ivan (CRO)"]
[Black "Pejic Stjepan (BIH)"]
[Result "1-0"]
[WhiteElo "2240"]
[BlackElo "1903"]

1.d4 e6 2.c4 Bb4+ 3.Nc3 Nf6 4.Qc2 d5 5.cxd5 Bxc3+ 6.bxc3 exd5 7.Ba3 Be6 8.e3
b6 9.Ne2 Nbd7 10.Nf4 Ne4 11.Bd3 Nd6 12.Nxe6 fxe6 13.Bxh7 Qf6 14.Qg6+ Ke7
15.Qxf6+ gxf6 16.Bd3 c5 17.f3 Kf7 18.O-O e5 19.e4 Ke6 20.exd5+ Kxd5 21.Rad1
exd4 22.cxd4 c4 23.Bxd6 cxd3 24.Bg3 Kxd4 25.Bf2+ Kc3 26.Rc1+ Kb2 27.Bd4+ Kxa2
28.Rf2+ Ka3 29.Rb2 {#r} 1-0

[Event "It (open)"]
[Site "masterchessopen.com Beirut (Lebanon)"]
[Date "2011.05.15"]
[Round "2"]
[White "Kotanjian Tigran (ARM)"]
[Black "Abbas Talal (LIB)"]
[Result "1-0"]
[WhiteElo "2546"]
[BlackElo "2006"]

1.d4 Nf6 2.c4 e6 3.Nc3 Bb4 4.Qc2 d5 5.cxd5 Qxd5 6.Nf3 O-O 7.Bd2 Bxc3 8.Bxc3
Nc6 9.e3 b5 10.Bd3 b4 11.Bd2 Bb7 12.e4 Qh5 13.e5 Nd5 14.Be4 f5 15.Bxd5 exd5
16.O-O Rac8 17.Rfc1 a5 18.Qa4 Qg6 19.Rc5 Nd8 20.Qxa5 Ne6 21.Qxb4 Nxc5 22.dxc5
Rb8 23.Qd4 Qg4 24.h3 Qe4 25.Re1 Qc2 26.Bc3 Bc6 27.e6 Rf6 28.Qf4 d4 {#r} 1-0

[Event "It (open)"]
[Site "masterchessopen.com Zalakaros (Hungary)"]
[Date "2011.05.22"]
[Round "3"]
[White "Erdos Viktor (HUN)"]
[Black "Csiszar Csaba (HUN)"]
[Result "1-0"]
[WhiteElo "2608"]
[BlackElo "2394"]

1.d4 Nf6 2.c4 e6 3.Nc3 Bb4 4.Qc2 d5 5.cxd5 Qxd5 6.Nf3 c5 7.Bd2 Bxc3 8.Bxc3
cxd4 9.Nxd4 e5 10.Nb3 Nc6 11.f3 O-O 12.e4 Qe6 13.Qf2 b6 14.Bb5 a6 15.Be2 Nd7
16.O-O Bb7 17.Rfd1 a5 18.Bc4 Qxc4 19.Rxd7 a4 20.Nd2 Qa6 21.Nf1 Rad8 22.Rad1
Nd4 23.R1xd4 {#r} 1-0

[Event "Cup Corporation Centre (open)"]
[Site "masterchessopen.com Izhevsk (Russia)"]
[Date "2011.07.22"]
[Round "7"]
[White "Filipenko Alexander V (RUS)"]
[Black "Belova Olga (RUS)"]
[Result "1-0"]
[WhiteElo "2353"]
[BlackElo "2009"]

1.d4 Nf6 2.c4 e6 3.Nc3 Bb4 4.Qc2 d5 5.cxd5 Qxd5 6.Nf3 Qf5 7.Qb3 c5 8.a3 Bxc3+
9.Qxc3 Ne4 10.Qe3 Nd7 11.h3 Nef6 12.g4 cxd4 13.Qxd4 Qc5 14.Bg2 a6 15.O-O Qxd4
16.Nxd4 h5 17.g5 Nd5 18.g6 N7f6 19.gxf7+ Kxf7 20.Nf3 Rf8 21.Ne5+ Kg8 22.e4 Nb6
23.Rd1 Nbd7 24.Ng6 Rf7 25.e5 Ne8 26.Be3 Rb8 27.Rac1 Kh7 28.Be4 Kg8 29.Bg5 {#r}
1-0

[Event "It (open)"]
[Site "masterchessopen.com Kisber (Hungary)"]
[Date "2011.07.23"]
[Round "4"]
[White "Tessedik Karoly (HUN)"]
[Black "Havas Peter (HUN)"]
[Result "1-0"]
[WhiteElo "1864"]
[BlackElo "1619"]

1.d4 Nf6 2.c4 e6 3.Nc3 Bb4 4.Qc2 d5 5.cxd5 Nxd5 6.Bd2 Nxc3 7.bxc3 Bd6 8.e4 O-O
9.Bd3 g6 10.h4 e5 11.h5 Nd7 12.Ne2 Be7 13.Bc4 Kh8 14.Bh6 Re8 {#r} 1-0

[Event "It (open)"]
[Site "masterchessopen.com Pardubice (Czech Republic)"]
[Date "2011.07.26"]
[Round "5"]
[White "Biriukov Oleg V (RUS)"]
[Black "Pfretzschner Roland (GER)"]
[Result "1-0"]
[WhiteElo "2332"]
[BlackElo "2235"]

1.d4 Nf6 2.c4 e6 3.Nc3 Bb4 4.Qc2 d5 5.cxd5 Qxd5 6.e3 c5 7.Bd2 Bxc3 8.Bxc3 cxd4
9.Bxd4 Nc6 10.Bc3 O-O 11.Nf3 Rd8 12.Be2 Qe4 13.Rc1 Qxc2 14.Rxc2 Ne4 15.Ne5 Bd7
16.Nxc6 Bxc6 17.Bd4 Nd6 18.O-O Bb5 19.Bxb5 Nxb5 20.Be5 f6 21.Bg3 e5 22.f4 exf4
23.Bxf4 Rd3 24.a4 Nd6 25.Rc7 Rd8 26.Bxd6 R8xd6 27.Rxb7 Rc6 28.h3 Rc2 29.Rf3
Rdd2 30.Rg3 g5 31.h4 Rd1+ 32.Kh2 Rc4 33.hxg5 f5 34.g6 Rh4+ 35.Rh3 Rxh3+
36.Kxh3 hxg6 37.Rxa7 Rd3 38.b4 Rxe3+ 39.Kh2 Kf8 40.a5 Ke8 41.a6 {#r} 1-0

[Event "Memorial M.Chigorin (open)"]
[Site "masterchessopen.com St. Petersburg (Russia)"]
[Date "2011.10.19"]
[Round "6"]
[White "Dimukhametov Artur (RUS)"]
[Black "Gavrilov Alexei (RUS)"]
[Result "0-1"]
[WhiteElo "2337"]
[BlackElo "2509"]

1.d4 Nf6 2.c4 e6 3.Nc3 Bb4 4.Qc2 d5 5.cxd5 Qxd5 6.Nf3 Qf5 7.Qb3 Nc6 8.Bd2 O-O
9.h3 Rd8 10.g4 Qg6 11.e3 Bd6 12.Bg2 e5 13.d5 Nb4 14.Nh4 Nc2+ 15.Ke2 Nxa1
16.Rxa1 Bxg4+ 17.hxg4 Qxg4+ 18.Bf3 Qxh4 19.e4 Bc5 20.Rf1 Bb6 21.a4 Nh5 22.a5
Bxa5 23.Qxb7 Nf4+ 24.Bxf4 Qxf4 {#R} 0-1

[Event "It (open)"]
[Site "masterchessopen.com Skopje (Macedonia)"]
[Date "2011.10.26"]
[Round "3"]
[White "Nikolov Momchil (BUL)"]
[Black "Kacakovski Dimitar (MKD)"]
[Result "1-0"]
[WhiteElo "2578"]
[BlackElo "2157"]

1.d4 Nf6 2.c4 e6 3.Nc3 Bb4 4.Qc2 d5 5.cxd5 Qxd5 6.Nf3 Qf5 7.Qb3 Nc6 8.Bd2 O-O
9.h3 Bxc3 10.Bxc3 Ne4 11.e3 e5 12.d5 Ne7 13.Bd3 Nc5 14.Bxf5 Nxb3 15.Bxh7+ Kxh7
16.axb3 e4 17.Ng5+ Kg6 18.d6 cxd6 19.Nxe4 Nd5 20.Nxd6 Nxc3 21.bxc3 Rd8
22.O-O-O Be6 23.Kb2 a6 24.Nxb7 Rdb8 25.Nc5 Rxb3+ 26.Nxb3 Rb8 27.Rb1 Rxb3+
28.Kc2 Ra3 29.Ra1 {#r} 1-0